[Event "LTU-chT 1011"]
[Site "Lithuania"]
[Date "2010.12.05"]
[Round "3"]
[White "Rutkus, Marius"]
[Black "Sulskis, Giedrius"]
[Result "0-1"]
[WhiteElo "1866"]
[BlackElo "2228"]
[PlyCount "82"]
[EventDate "2010.11.06"]
[EventType "team-tourn"]
[EventRounds "9"]
[EventCountry "LTU"]
[SourceTitle "EXT 2012"]
[Source "ChessBase"]
[SourceDate "2011.11.24"]
[SourceVersion "1"]
[SourceVersionDate "2011.11.24"]
[SourceQuality "1"]

1. Nf3 d5 2. g3 c6 3. Bg2 Bg4 4. d3 Bxf3 5. Bxf3 Nf6 6. Nd2 Nbd7 7. e4 dxe4 8. Nxe4 Nxe4 9. Bxe4 Nf6 10. Bg2 e6 11. 0-0 Be7 12. Qe2 0-0 13. Re1 Re8 14. Bf4 Nd5 15. Be5 Bd6 16. Bxd6 Qxd6 17. Qe5 Rad8 18. Qxd6 Rxd6 19. Re2 Red8 20. Rae1 Kf8 21. Re4 Ne7 22. Ra4 a6 23. Rae4 Nf5 24. a4 a5 25. Re5 b6 26. g4 Nd4 27. c3 Nb3 28. d4 c5 29. dxc5 Nxc5 30. Ra1 Rd1+ 31. Re1 Rxe1+ 32. Rxe1 Nxa4 33. b4 Nxc3 34. bxa5 bxa5 35. Bf3 Nd5 36. Ra1 Ra8 37. Ra4 Ke7 38. Kf1 Kd6 39. Ke1 g5 40. Kd2 Ra7 41. Be4 h6 0-1

[Event "World op 31st"]
[Site "Philadelphia"]
[Date "2003.07.06"]
[Round "8"]
[White "Tsyganov, Igor M"]
[Black "Sulskis, Giedrius"]
[Result "1-0"]
[WhiteElo "2293"]
[BlackElo "2261"]
[PlyCount "119"]
[EventDate "2003.06.30"]
[EventType "swiss"]
[EventRounds "9"]
[EventCountry "USA"]
[SourceTitle "EXT 2004"]
[Source "ChessBase"]
[SourceDate "2003.11.25"]
[SourceVersion "1"]
[SourceVersionDate "2003.11.25"]
[SourceQuality "1"]

1. d4 Nf6 2. Nf3 e6 3. c4 b6 4. Nc3 Ba6 5. e4 Bb4 6. Bd3 c5 7. e5 Ng4 8. a3 Bxc3+ 9. bxc3 Nc6 10. 0-0 Na5 11. Ng5 f5 12. h3 Nh6 13. Qh5+ Kf8 14. Rd1 Qe8 15. Qh4 Rc8 16. d5 Nb3 17. Rb1 Nxc1 18. Rbxc1 Nf7 19. f4 Nxg5 20. Qxg5 Qe7 21. Qg3 Rg8 22. h4 g6 23. Qg5 h5 24. Qg3 Kf7 25. Bf1 Bb7 26. Rd2 Kg7 27. Rcd1 Rcd8 28. Qe1 Rge8 29. Qf2 exd5 30. cxd5 d6 31. e6 Qf6 32. Rc1 Re7 33. g3 Kg8 34. a4 Kg7 35. Qe3 Ba8 36. Bc4 Rb8 37. Ra2 Rc8 38. Qd3 Rd8 39. Rb2 Kg8 40. Kf2 Qf8 41. Ra1 Rb8 42. Qb1 Qc8 43. Kg1 Qb7 44. Kh2 Kh7 45. Ra3 Qc7 46. a5 Kh6 47. Rab3 Ree8 48. axb6 axb6 49. Rxb6 Rxb6 50. Rxb6 Qa7 51. Rxd6 Qa3 52. Bb5 c4 53. Ra6 Qxc3 54. Bxe8 Qd2+ 55. Kh3 Bxd5 56. Ra2 Qe3 57. Qb4 Qg1 58. Qf8+ Kh7 59. Qf7+ Kh8 60. Qf6+ 1-0

[Event "Continental op"]
[Site "Las Vegas"]
[Date "2001.07.27"]
[Round "2"]
[White "Gufeld, Eduard"]
[Black "Sulskis, Giedrius"]
[Result "1-0"]
[WhiteElo "2466"]
[BlackElo "2252"]
[PlyCount "67"]
[EventDate "2001.07.26"]
[EventType "swiss"]
[EventRounds "6"]
[EventCountry "USA"]
[SourceTitle "EXT 2002"]
[Source "ChessBase"]
[SourceDate "2001.11.25"]
[SourceVersion "1"]
[SourceVersionDate "2001.11.25"]
[SourceQuality "1"]

1. e4 e5 2. Nf3 Nc6 3. Bb5 a6 4. Ba4 Nf6 5. 0-0 Nxe4 6. d4 b5 7. Bb3 d5 8. dxe5 Be6 9. c3 Bc5 10. Qd3 g5 11. Nbd2 Nxf2 12. Rxf2 Bxf2+ 13. Kxf2 g4 14. Nd4 Nxe5 15. Qg3 Qf6+ 16. Kg1 0-0-0 17. Nf1 Rhg8 18. Bf4 Nf3+ 19. Kh1 c5 20. Bb8 Kd7 21. Qc7+ Ke8 22. Qc6+ Rd7 23. Qxc5 Ng5 24. Ng3 Ne4 25. Nxe4 dxe4 26. Re1 Rg5 27. Qc6 g3 28. Nxe6 Qf2 29. Qxe4 Rg4 30. Nf4+ Kf8 31. Qe8+ Kg7 32. Be5+ Kh6 33. Qf8+ Kg5 34. Qg7+ 1-0

[Event "Nord West Cup"]
[Site "Oldenburg"]
[Date "2000.02.13"]
[Round "6"]
[White "Krause, Thomas"]
[Black "Sulskis, Giedrius"]
[Result "1/2-1/2"]
[WhiteElo "2144"]
[BlackElo "2223"]
[PlyCount "99"]
[EventDate "2000.??.??"]
[EventType "swiss"]
[EventRounds "7"]
[EventCountry "GER"]
[SourceTitle "EXT 2002"]
[Source "ChessBase"]
[SourceDate "2001.11.25"]
[SourceVersion "1"]
[SourceVersionDate "2001.11.25"]
[SourceQuality "1"]

1. Nf3 Nf6 2. c4 e6 3. g3 b6 4. Bg2 Bb7 5. Nc3 Bb4 6. 0-0 0-0 7. Qc2 Bxc3 8. Qxc3 d6 9. d4 Be4 10. b3 Nbd7 11. Nd2 Bxg2 12. Kxg2 e5 13. dxe5 dxe5 14. Ba3 Re8 15. Rfd1 c5 16. Bb2 Qc7 17. f3 Nb8 18. Qc2 Nc6 19. Ne4 Nxe4 20. Qxe4 Rad8 21. Rd5 f6 22. Rad1 Ne7 23. R5d3 a5 24. g4 g5 25. Bc3 Kg7 26. e3 Nc6 27. Rxd8 Rxd8 28. Rxd8 Nxd8 29. h4 gxh4 30. g5 h3+ 31. Kh2 Nc6 32. gxf6+ Kxf6 33. Qh4+ Kg6 34. Qg4+ Kf6 35. f4 Qd6 36. Qg5+ Kf7 37. Qf5+ Ke8 38. Qxh7 exf4 39. Qe4+ Kd7 40. Qf5+ Qe6 41. Qxf4 Ne7 42. e4 Qg6 43. Kxh3 Qh7+ 44. Qh4 Qf7 45. Qg4+ Kc6 46. Kg2 Kb7 47. Be1 Nc6 48. Bg3 a4 49. bxa4 Na5 50. e5 1/2-1/2

[Event "Nord West Cup"]
[Site "Oldenburg"]
[Date "2000.02.12"]
[Round "5"]
[White "Sulskis, Giedrius"]
[Black "Gossmann, Ewald J"]
[Result "1-0"]
[WhiteElo "2223"]
[BlackElo "2075"]
[PlyCount "181"]
[EventDate "2000.??.??"]
[EventType "swiss"]
[EventRounds "7"]
[EventCountry "GER"]
[SourceTitle "EXT 2002"]
[Source "ChessBase"]
[SourceDate "2001.11.25"]
[SourceVersion "1"]
[SourceVersionDate "2001.11.25"]
[SourceQuality "1"]

1. e4 c6 2. d4 d5 3. e5 Bf5 4. c3 e6 5. Be3 Nd7 6. Qb3 Qb6 7. Nd2 Qxb3 8. axb3 Be7 9. b4 f6 10. f4 Nh6 11. Ngf3 Bg4 12. Bd3 Bf5 13. Be2 Bg4 14. 0-0 f5 15. Bf2 Nf7 16. h3 Bxf3 17. Bxf3 h5 18. g4 hxg4 19. hxg4 g6 20. Kg2 a6 21. Nb3 0-0-0 22. Nc5 Nxc5 23. bxc5 Rh7 24. g5 Rdh8 25. Bg3 Kc7 26. b3 Nd8 27. Ra4 Rh3 28. Rfa1 R3h7 29. Be2 Rh3 30. Rb4 R3h7 31. Rb6 Re8 32. Bf3 Rhh8 33. Kf2 Reg8 34. Bg2 Bf8 35. Kf3 Rg7 36. Rb4 Rhh7 37. Rba4 Kc8 38. Be1 Rd7 39. Bd2 Rh8 40. Bc1 Be7 41. Ba3 Nf7 42. Kg3 Bd8 43. Bb4 Bc7 44. R4a2 Nd8 45. Rh1 Rxh1 46. Bxh1 Rh7 47. Bf3 Kd7 48. Bg2 Rh8 49. Ba3 Rh7 50. Bc1 Rh8 51. Bf3 Rh7 52. Ba3 Rh8 53. Bb4 Rh7 54. Ba5 Bxa5 55. Rxa5 Kc8 56. Ra4 Rh8 57. Rb4 Rh7 58. Rb6 Rd7 59. Be2 Rh7 60. Bf3 Rd7 61. Rb4 Kc7 62. Ra4 Kc8 63. Ra2 Rh7 64. Re2 Kd7 65. Rh2 Rxh2 66. Kxh2 Ke7 67. Kg3 Nf7 68. Kf2 Kd7 69. Ke3 Nh8 70. Kd3 Kc7 71. Kc2 Nf7 72. Kb2 Nh8 73. Ka3 Nf7 74. Kb4 Nh8 75. Ka5 Nf7 76. c4 Nh8 77. cxd5 cxd5 78. b4 Kc6 79. Bd1 Kc7 80. Be2 Nf7 81. Bxa6 bxa6 82. Kxa6 Nd8 83. b5 Nb7 84. c6 Nd8 85. Ka7 Nxc6+ 86. bxc6 Kxc6 87. Kb8 Kd7 88. Kb7 Kd8 89. Kc6 Ke7 90. Kc7 Kf8 91. Kd8 1-0

[Event "Nord West Cup"]
[Site "Oldenburg"]
[Date "2000.02.11"]
[Round "3"]
[White "Sulskis, Giedrius"]
[Black "Kalinitschew, Sergey"]
[Result "0-1"]
[WhiteElo "2223"]
[BlackElo "2504"]
[PlyCount "94"]
[EventDate "2000.??.??"]
[EventType "swiss"]
[EventRounds "7"]
[EventCountry "GER"]
[SourceTitle "EXT 2002"]
[Source "ChessBase"]
[SourceDate "2001.11.25"]
[SourceVersion "1"]
[SourceVersionDate "2001.11.25"]
[SourceQuality "1"]

1. e4 c5 2. f4 e6 3. Nf3 Nc6 4. g3 d5 5. e5 Nh6 6. Bg2 Nf5 7. 0-0 h5 8. d3 Be7 9. c4 h4 10. g4 h3 11. Bh1 Nh6 12. g5 Nf5 13. Nc3 d4 14. Ne4 Qd7 15. Qe2 b6 16. Bd2 Bb7 17. a3 a5 18. Kf2 Rd8 19. Rad1 Kf8 20. Rg1 g6 21. Rg4 a4 22. Ng3 Kg7 23. Ne4 Qc7 24. Rgg1 Ra8 25. Rb1 Na5 26. b4 axb3 27. Bxa5 Rxa5 28. Rxb3 Rha8 29. Rgb1 Bxe4 30. Qxe4 R8a6 31. Ng1 Rxa3 32. Qe2 Rxb3 33. Rxb3 Qa7 34. Be4 Ne3 35. Kg3 Ra1 36. Nxh3 Nd1 37. Nf2 Nc3 38. Qc2 Rg1+ 39. Kf3 Qa1 40. Qd2 Qf1 41. Rxc3 dxc3 42. Qxc3 Rg2 43. Qd2 Rxh2 44. Ke3 Qg1 45. Kf3 Bd8 46. Qe2 b5 47. cxb5 Ba5 0-1

[Event "Kaunas Cup"]
[Site "Kaunas"]
[Date "1999.11.14"]
[Round "8"]
[White "Sulskis, Giedrius"]
[Black "Butnorius, Algimantas"]
[Result "0-1"]
[WhiteElo "2189"]
[BlackElo "2456"]
[PlyCount "62"]
[EventDate "1999.11.??"]
[EventType "tourn"]
[EventRounds "9"]
[EventCountry "LTU"]
[SourceTitle "EXT 2005"]
[Source "ChessBase"]
[SourceDate "2004.11.15"]
[SourceVersion "1"]
[SourceVersionDate "2004.11.15"]
[SourceQuality "1"]

1. e4 c5 2. Nf3 e6 3. c3 d5 4. exd5 exd5 5. d4 Nc6 6. Be2 Bd6 7. dxc5 Bxc5 8. 0-0 Nge7 9. Nbd2 Bf5 10. Nb3 Bb6 11. Nbd4 Be4 12. Be3 0-0 13. Bd3 Re8 14. Re1 h6 15. Qc2 Ng6 16. Rad1 Qf6 17. Qd2 Nce5 18. Nxe5 Nxe5 19. Bf1 Bxd4 20. Bxd4 Nf3+ 21. Kh1 Qf5 22. Qe3 Nxe1 23. Rxe1 Bxg2+ 24. Bxg2 Rxe3 25. fxe3 Rd8 26. Bxa7 Ra8 27. e4 dxe4 28. Bxe4 Qf4 29. Bd4 Re8 30. Bh7+ Kxh7 31. Rxe8 Qf1+ 0-1

[Event "EU-Cup 15th Gr1"]
[Site "Paide"]
[Date "1999.09.18"]
[Round "2"]
[White "Sulskis, Giedrius"]
[Black "Armstrong, Malcolm J"]
[Result "1/2-1/2"]
[WhiteElo "2189"]
[BlackElo "2152"]
[PlyCount "116"]
[EventDate "1999.09.17"]
[EventType "team-k.o."]
[EventRounds "3"]
[EventCountry "EST"]
[SourceTitle "EXT 2020"]
[Source "ChessBase"]
[SourceDate "2019.10.17"]
[SourceVersion "1"]
[SourceVersionDate "2019.10.17"]
[SourceQuality "1"]
[WhiteTeam "Kaunas Margiris"]
[BlackTeam "Slough"]
[WhiteTeamCountry "LTU"]
[BlackTeamCountry "ENG"]

1. d4 d5 2. Nf3 Nf6 3. c4 e6 4. Nc3 Be7 5. Bf4 0-0 6. e3 c5 7. dxc5 Bxc5 8. Qc2 Nc6 9. Rd1 Qa5 10. Be2 Nb4 11. Qa4 Qxa4 12. Nxa4 Be7 13. a3 Nc6 14. Nc3 dxc4 15. Bxc4 b6 16. h3 Bb7 17. 0-0 Rfd8 18. Be2 Kf8 19. g4 h6 20. Nd2 Bd6 21. Bxd6+ Rxd6 22. Nb5 Rd7 23. Nc4 Rad8 24. f3 Ba6 25. a4 Ke7 26. Kf2 Rxd1 27. Bxd1 Rd7 28. Be2 Ne8 29. Nca3 Bb7 30. Rc1 f6 31. h4 Nc7 32. Nxc7 Rxc7 33. Bd3 Rc8 34. Be4 Nb4 35. Rxc8 Bxc8 36. Nb5 a6 37. Nc3 Bd7 38. f4 Kd6 39. Ke2 Nd5 40. Bd3 Nxc3+ 41. bxc3 a5 42. Bc2 e5 43. g5 hxg5 44. hxg5 fxg5 45. fxg5 Kc5 46. Kf3 Kc4 47. Ke4 Kxc3 48. Bd1 Kd2 49. Bb3 Kc3 50. Bd1 Kd2 51. Bb3 b5 52. axb5 Bxb5 53. Kxe5 Kxe3 54. Ke6 g6 55. Kf7 Bd3 56. Kf6 Kd4 57. Ba4 Kc5 58. Be8 Kb4 1/2-1/2

[Event "MK Cafe Cup-B"]
[Site "Koszalin"]
[Date "1999.08.13"]
[Round "10"]
[White "Sulskis, Giedrius"]
[Black "Gorin, Leonid"]
[Result "0-1"]
[WhiteElo "2189"]
[BlackElo "2388"]
[PlyCount "96"]
[EventDate "1999.08.03"]
[EventType "swiss"]
[EventRounds "10"]
[EventCountry "POL"]
[SourceTitle "EXT 2000"]
[Source "ChessBase"]
[SourceDate "1999.11.16"]
[SourceVersion "1"]
[SourceVersionDate "1999.11.16"]
[SourceQuality "1"]

1. e4 e5 2. Nf3 Nc6 3. Bb5 a6 4. Ba4 Nf6 5. 0-0 Be7 6. Re1 b5 7. Bb3 d6 8. c3 0-0 9. h3 a5 10. a4 b4 11. d4 bxc3 12. bxc3 exd4 13. cxd4 d5 14. e5 Ne4 15. Ba3 Nb4 16. Nfd2 Ng5 17. Nf3 Ne6 18. Nc3 c6 19. Ne2 Ba6 20. Ng3 g6 21. Re3 Qb6 22. Qd2 Rfd8 23. Rd1 Rac8 24. Bc2 c5 25. Bxb4 axb4 26. dxc5 Bxc5 27. Rb3 Bxf2+ 28. Qxf2 Qxf2+ 29. Kxf2 Rxc2+ 30. Rd2 Rxd2+ 31. Nxd2 Nc5 32. Rb1 Rb8 33. a5 b3 34. Ke3 b2 35. Kd4 Na4 36. Re1 Rb4+ 37. Kxd5 Nc3+ 38. Kc5 Rb5+ 39. Kd4 b1Q 40. Nxb1 Nxb1 41. Ne4 Na3 42. Nf6+ Kg7 43. Rc1 Rxa5 44. g4 Ra4+ 45. Kd5 Bc4+ 46. Kc5 Be6 47. Rd1 Ra5+ 48. Kb4 Rxe5 0-1

[Event "LTU-ch"]
[Site "Vilnius"]
[Date "1999.??.??"]
[Round "?"]
[White "Linauskas, Dainius"]
[Black "Sulskis, Giedrius"]
[Result "1/2-1/2"]
[WhiteElo "2345"]
[BlackElo "2208"]
[PlyCount "123"]
[EventDate "1999.??.??"]
[EventType "swiss"]
[EventRounds "9"]
[EventCountry "LTU"]
[SourceTitle "EXT 2000"]
[Source "ChessBase"]
[SourceDate "1999.11.16"]
[SourceVersion "1"]
[SourceVersionDate "1999.11.16"]
[SourceQuality "1"]

1. d4 d5 2. c4 c6 3. Nf3 Nf6 4. Nc3 dxc4 5. a4 Bf5 6. e3 Bd3 7. Bxd3 cxd3 8. Qxd3 e6 9. 0-0 Be7 10. e4 Na6 11. Bg5 h6 12. Bh4 Nb4 13. Qe2 a5 14. Rad1 0-0 15. Ne5 Nd7 16. Bxe7 Qxe7 17. Nc4 c5 18. dxc5 Nxc5 19. Rd6 Nxa4 20. Nxa4 b5 21. Rfd1 bxa4 22. Nb6 Ra7 23. Qb5 Nd5 24. Nc4 Nf4 25. Qxa4 Qg5 26. g3 Nh3+ 27. Kg2 Qg4 28. Ne5 Qh5 29. f4 f6 30. Nf3 Qg4 31. e5 fxe5 32. Nxe5 Nxf4+ 33. Kh1 Qg5 34. gxf4 Qxf4 35. Qxf4 Rxf4 36. Rxe6 Ra8 37. Ng6 Rf2 38. Rd7 Rf7 39. Ree7 Rxe7 40. Nxe7+ Kf8 41. Nc6 Ra6 42. Rc7 Rb6 43. Rc8+ Kf7 44. Ne5+ Ke6 45. Rc6+ Rxc6 46. Nxc6 a4 47. Nd4+ Kd5 48. Ne2 Kc4 49. Nc1 Kd4 50. Kg2 Ke3 51. Na2 Kd3 52. Kf3 Kc2 53. Nc3 a3 54. bxa3 Kxc3 55. Kf4 Kb3 56. Kf5 Kxa3 57. Kg6 Kb4 58. Kxg7 h5 59. h4 Kc5 60. Kg6 Kd6 61. Kxh5 Ke7 62. Kg6 1/2-1/2

[Event "LTU-ch sf"]
[Site "Kaunas"]
[Date "1999.??.??"]
[Round "7"]
[White "Sulskis, Giedrius"]
[Black "Einikis, Vidmantas"]
[Result "1/2-1/2"]
[WhiteElo "2205"]
[BlackElo "2215"]
[PlyCount "51"]
[EventDate "1999.??.??"]
[EventType "swiss"]
[EventRounds "9"]
[EventCountry "LTU"]
[SourceTitle "EXT 2005"]
[Source "ChessBase"]
[SourceDate "2004.11.15"]
[SourceVersion "1"]
[SourceVersionDate "2004.11.15"]
[SourceQuality "1"]

1. e4 c5 2. Nf3 d6 3. d4 cxd4 4. Nxd4 Nf6 5. Nc3 a6 6. f4 Nbd7 7. a4 g6 8. Nf3 Bg7 9. Bc4 0-0 10. e5 Ne8 11. e6 Bxc3+ 12. bxc3 fxe6 13. Bxe6+ Kg7 14. f5 Ne5 15. Nxe5 Bxe6 16. fxe6 dxe5 17. Qxd8 Rxd8 18. Bg5 Nf6 19. Rb1 h6 20. Bxf6+ Rxf6 21. Rxb7 Rxe6 22. Rc7 e4 23. Ke2 e3 24. Rd1 Rf8 25. Rf1 Rd8 26. Rd1 1/2-1/2

[Event "LTU-ch sf"]
[Site "Kaunas"]
[Date "1999.??.??"]
[Round "9"]
[White "Sulskis, Giedrius"]
[Black "Labuckas, Aidas"]
[Result "0-1"]
[WhiteElo "2205"]
[BlackElo "2395"]
[PlyCount "62"]
[EventDate "1999.??.??"]
[EventType "swiss"]
[EventRounds "9"]
[EventCountry "LTU"]
[SourceTitle "EXT 2005"]
[Source "ChessBase"]
[SourceDate "2004.11.15"]
[SourceVersion "1"]
[SourceVersionDate "2004.11.15"]
[SourceQuality "1"]

1. d4 d5 2. c4 e6 3. Nf3 Nf6 4. Nc3 c6 5. Bg5 dxc4 6. e4 b5 7. e5 h6 8. Bh4 g5 9. Nxg5 hxg5 10. Bxg5 Nbd7 11. g3 Qb6 12. exf6 Bb7 13. Bg2 c5 14. d5 0-0-0 15. 0-0 b4 16. Na4 Qb5 17. b3 c3 18. dxe6 Bxg2 19. Kxg2 Qc6+ 20. f3 Qxe6 21. h4 Bh6 22. Qe1 Qc6 23. Qe7 Bxg5 24. hxg5 Rde8 25. Rh1 Rhf8 26. g6 fxg6 27. Qg7 Re2+ 28. Kh3 Qxf3 29. Qh6 Qf5+ 30. g4 Qf3+ 31. Kh4 Qf2+ 0-1

[Event "Bydgoszcz op-B"]
[Site "Bydgoszcz"]
[Date "1999.??.??"]
[Round "2"]
[White "Sulskis, Giedrius"]
[Black "Szajda, Marcin"]
[Result "1-0"]
[WhiteElo "2208"]
[BlackElo "2132"]
[PlyCount "59"]
[EventDate "1999.??.??"]
[EventType "swiss"]
[EventRounds "9"]
[EventCountry "POL"]
[SourceTitle "EXT 2001"]
[Source "ChessBase"]
[SourceDate "2000.11.22"]
[SourceVersion "1"]
[SourceVersionDate "2000.11.22"]
[SourceQuality "1"]

1. e4 e5 2. Nf3 Nc6 3. Bb5 a6 4. Ba4 Nf6 5. 0-0 b5 6. Bb3 Bb7 7. Re1 Bc5 8. c3 d6 9. d4 Bb6 10. a4 0-0 11. Bg5 h6 12. Bh4 Re8 13. axb5 axb5 14. Rxa8 Bxa8 15. Na3 b4 16. Nc4 bxc3 17. Nxb6 cxb6 18. d5 Na5 19. Ba4 Rf8 20. bxc3 Bb7 21. Qd3 g5 22. Nxg5 hxg5 23. Bxg5 Kg7 24. Re3 Qc8 25. Rg3 Rh8 26. Qf3 Nh5 27. Bf6+ Kf8 28. Bxh8 Nxg3 29. Qxg3 Nc4 30. Bg7+ 1-0

[Event "Budapest FS11 IM-B"]
[Site "Budapest"]
[Date "1998.11.17"]
[Round "11"]
[White "Pham, Minh Hoang"]
[Black "Sulskis, Giedrius"]
[Result "1-0"]
[WhiteElo "2245"]
[BlackElo "2235"]
[PlyCount "79"]
[EventDate "1998.11.07"]
[EventType "tourn"]
[EventRounds "11"]
[EventCountry "HUN"]
[EventCategory "2"]
[SourceTitle "CBM 067 Extra"]
[Source "ChessBase"]
[SourceDate "1999.01.01"]
[SourceVersion "1"]
[SourceVersionDate "1999.01.01"]
[SourceQuality "1"]

1. c4 e6 2. Nf3 d5 3. b3 Nf6 4. g3 Be7 5. Bg2 0-0 6. 0-0 b6 7. Bb2 Bb7 8. d3 c5 9. cxd5 Bxd5 10. Nc3 Bc6 11. Rc1 Nbd7 12. Qc2 Rc8 13. Nd1 Bd6 14. Ne3 Qe7 15. Rfd1 Rfd8 16. Qb1 Bb8 17. Qa1 Ne8 18. Nc4 Ba8 19. a4 h6 20. a5 b5 21. Ne3 a6 22. Rc2 e5 23. Rdc1 Qe6 24. Ng5 hxg5 25. Bxa8 Ndf6 26. Bb7 Rc7 27. Bg2 Nd7 28. Nd5 Rcc8 29. b4 Ba7 30. Ne3 Nd6 31. Bd5 Qe8 32. bxc5 Bxc5 33. Ng4 Ba7 34. Nxe5 Nf6 35. Bb3 Rxc2 36. Rxc2 Rc8 37. Qc1 Rxc2 38. Qxc2 Nd7 39. Nc6 Bc5 40. d4 1-0

[Event "Budapest FS11 IM-B"]
[Site "Budapest"]
[Date "1998.11.15"]
[Round "9"]
[White "Gross, David"]
[Black "Sulskis, Giedrius"]
[Result "1/2-1/2"]
[WhiteElo "2435"]
[BlackElo "2235"]
[PlyCount "131"]
[EventDate "1998.11.07"]
[EventType "tourn"]
[EventRounds "11"]
[EventCountry "HUN"]
[EventCategory "2"]
[SourceTitle "CBM 067 Extra"]
[Source "ChessBase"]
[SourceDate "1999.01.01"]
[SourceVersion "1"]
[SourceVersionDate "1999.01.01"]
[SourceQuality "1"]

1. e4 e5 2. Nf3 Nc6 3. Bb5 a6 4. Ba4 Nf6 5. 0-0 Nxe4 6. d4 b5 7. Bb3 d5 8. dxe5 Be6 9. Nbd2 Bc5 10. Nxe4 dxe4 11. Ng5 Qxd1 12. Rxd1 0-0 13. Nxe6 fxe6 14. Bxe6+ Kh8 15. Be3 Bxe3 16. fxe3 Nxe5 17. h3 g5 18. Bd5 Rae8 19. b3 g4 20. h4 g3 21. Rf1 Rxf1+ 22. Rxf1 Ng4 23. Rf4 Nf2 24. Kf1 b4 25. Ke2 Re5 26. Bc4 h5 27. Rf8+ Kg7 28. Rf7+ Kg6 29. Rxc7 a5 30. Rc6+ Kf5 31. Kd2 Kg4 32. Be2+ Kxh4 33. c4 Kg5 34. Rc8 h4 35. Rg8+ Kf6 36. Bf1 Rg5 37. Rxg5 Kxg5 38. Ke1 Nd3+ 39. Kd2 Nc5 40. Kd1 Kf6 41. Kc2 Ke5 42. Kd2 Kd6 43. Kc2 Nd3 44. Kd2 Ne5 45. Kd1 Kc5 46. Kd2 Ng4 47. Ke2 Nf2 48. Kd2 Nd3 49. Kd1 a4 50. Kd2 axb3 51. axb3 Kd6 52. Kd1 Ke5 53. Kd2 Nc5 54. Kc2 Kd6 55. Kb2 Nd3+ 56. Kc2 Ne5 57. Kd2 Kc5 58. Ke1 Ng4 59. Kd2 Kd6 60. Ke2 Ne5 61. Ke1 Ng6 62. Be2 Ne5 63. Kf1 Nd3 64. Bd1 Kc5 65. Bh5 Ne5 66. Bd1 1/2-1/2

[Event "Budapest FS11 IM-B"]
[Site "Budapest"]
[Date "1998.11.14"]
[Round "8"]
[White "Sulskis, Giedrius"]
[Black "Rimawi, BT."]
[Result "0-1"]
[WhiteElo "2235"]
[BlackElo "2250"]
[PlyCount "78"]
[EventDate "1998.11.07"]
[EventType "tourn"]
[EventRounds "11"]
[EventCountry "HUN"]
[EventCategory "2"]
[SourceTitle "CBM 067 Extra"]
[Source "ChessBase"]
[SourceDate "1999.01.01"]
[SourceVersion "1"]
[SourceVersionDate "1999.01.01"]
[SourceQuality "1"]

1. d4 Nf6 2. Nf3 g6 3. g3 Bg7 4. Bg2 0-0 5. 0-0 d6 6. Re1 Nc6 7. d5 Nb4 8. e4 c5 9. c4 Bg4 10. Nc3 Nd7 11. a3 Na6 12. h3 Bxf3 13. Qxf3 Nc7 14. Qe2 a6 15. h4 e6 16. h5 exd5 17. Nxd5 Nxd5 18. cxd5 b5 19. Bf4 Ne5 20. Rad1 c4 21. Bxe5 Bxe5 22. f4 Qb6+ 23. Kh2 Bd4 24. e5 dxe5 25. fxe5 Rae8 26. hxg6 hxg6 27. e6 fxe6 28. dxe6 Kg7 29. Qg4 Bf6 30. Re2 Rh8+ 31. Bh3 Rh5 32. Rd7+ Re7 33. Rxe7+ Bxe7 34. Qf3 Qd6 35. Qf7+ Kh6 36. Qg8 Qd4 37. Qe8 Bc5 38. Rg2 Qe5 39. Qd8 Bd6 0-1